[Event "Avoine op 29th"]
[Site "Avoine"]
[Date "2014.07.26"]
[Round "8"]
[White "Mourgues, Jean Marie"]
[Black "Frick, Christoph"]
[Result "1/2-1/2"]
[WhiteElo "2019"]
[BlackElo "2246"]
[PlyCount "90"]
[EventDate "2014.07.19"]
[EventType "swiss"]
[EventRounds "9"]
[EventCountry "FRA"]
[SourceTitle "CBM 161 Extra"]
[Source "ChessBase"]
[SourceDate "2014.08.29"]
[SourceVersion "1"]
[SourceVersionDate "2014.08.29"]
[SourceQuality "1"]

1. e4 c6 2. d4 d5 3. e5 Bf5 4. c3 e6 5. Be3 Nd7 6. Nd2 Ne7 7. Be2 c5 8. f4 Nc6 9. Ngf3 Be7 10. 0-0 0-0 11. Bf2 Rb8 12. a3 c4 13. b4 cxb3 14. Nxb3 Rc8 15. Bd3 Bxd3 16. Qxd3 Na5 17. Nxa5 Qxa5 18. Rfc1 Rc6 19. a4 Rfc8 20. Be1 Rc4 21. Qc2 Nf8 22. Qb3 b6 23. Bd2 Bd8 24. Qb5 a6 25. Qxa5 bxa5 26. Rcb1 Nd7 27. Rb2 Nb6 28. Rba2 h6 29. Ne1 R4c6 30. Nd3 Nc4 31. Be1 Rb8 32. Kf2 Be7 33. Ke2 Rcb6 34. g3 Kf8 35. h3 Ke8 36. Bd2 Kd7 37. Be1 Kc6 38. g4 Rb3 39. Bd2 Na3 40. Nc1 Rb2 41. Rxa3 Bxa3 42. Rxa3 Rb1 43. Ra2 R8b2 44. Rxb2 Rxb2 45. f5 Kd7 1/2-1/2

[Event "Avoine op 29th"]
[Site "Avoine"]
[Date "2014.07.20"]
[Round "2"]
[White "Mourgues, Jean Marie"]
[Black "Delorme, Alban"]
[Result "0-1"]
[WhiteElo "2019"]
[BlackElo "2292"]
[PlyCount "128"]
[EventDate "2014.07.19"]
[EventType "swiss"]
[EventRounds "9"]
[EventCountry "FRA"]
[SourceTitle "CBM 161 Extra"]
[Source "ChessBase"]
[SourceDate "2014.08.29"]
[SourceVersion "1"]
[SourceVersionDate "2014.08.29"]
[SourceQuality "1"]

1. e4 c5 2. c3 g6 3. d4 cxd4 4. cxd4 d5 5. e5 Bg7 6. Nc3 Nc6 7. Nf3 Bg4 8. Be2 Nh6 9. h3 Bxf3 10. Bxf3 Nf5 11. Be3 e6 12. 0-0 f6 13. exf6 Qxf6 14. Re1 0-0 15. Ne2 Nh4 16. Nf4 g5 17. Nh5 Nxf3+ 18. gxf3 Qxf3 19. Qxf3 Rxf3 20. Kg2 Raf8 21. Nxg7 Kxg7 22. Re2 h6 23. Rd1 R3f6 24. b3 R8f7 25. Bc1 Ne7 26. Ba3 Ng6 27. Bd6 Nh4+ 28. Kg1 Nf3+ 29. Kg2 Kg6 30. Bg3 h5 31. Rd3 h4 32. Be5 Nxe5 33. dxe5 Rf4 34. f3 Rc7 35. Kf2 Rc1 36. Kg2 Kf5 37. Kf2 b5 38. a3 a5 39. Kg2 Rc6 40. Rxd5 exd5 41. e6 Rc1 42. e7 Rc8 43. e8Q Rxe8 44. Rxe8 Rd4 45. Rf8+ Ke5 46. Re8+ Kf6 47. Rf8+ Ke5 48. Re8+ Kf4 49. Rf8+ Ke3 50. Re8+ Kd3 51. Re5 Kc3 52. Rxg5 Kxb3 53. Rg4 Rd2+ 54. Kf1 Kxa3 55. Ke1 Rh2 56. Rd4 b4 57. Rxd5 a4 58. f4 b3 59. f5 b2 60. Rb5 b1R+ 61. Rxb1 Rh1+ 62. Ke2 Rxb1 63. Kf3 Rf1+ 64. Kg4 Kb2 0-1

[Event "Paris op-A"]
[Site "Paris"]
[Date "2003.??.??"]
[Round "5"]
[White "Mourgues, Jean Marie"]
[Black "Chardin, Thierry"]
[Result "1-0"]
[WhiteElo "2166"]
[BlackElo "2047"]
[PlyCount "63"]
[EventDate "2003.07.05"]
[EventType "swiss"]
[EventRounds "9"]
[EventCountry "FRA"]
[SourceTitle "EXT 2005"]
[Source "ChessBase"]
[SourceDate "2004.11.15"]
[SourceVersion "1"]
[SourceVersionDate "2004.11.15"]
[SourceQuality "1"]

1. f4 d5 2. Nf3 Nf6 3. g3 Bg4 4. Bg2 Nc6 5. d4 Qd7 6. 0-0 Ne4 7. c3 Bh3 8. Nbd2 0-0-0 9. Nxe4 dxe4 10. Bxh3 Qxh3 11. Ng5 Qh5 12. Nxe4 e5 13. e3 Qf5 14. Qf3 exd4 15. exd4 Re8 16. Nf2 h5 17. Bd2 g5 18. Rae1 Bd6 19. Rxe8+ Rxe8 20. Qxh5 Qc2 21. Re1 Rxe1+ 22. Bxe1 gxf4 23. gxf4 Qc1 24. Qe2 Qxf4 25. Qg4+ Kd8 26. Qxf4 Bxf4 27. Nd3 Bh6 28. Kg2 Ke7 29. Kf3 Nd8 30. Ke4 c6 31. Bh4+ f6 32. Kf5 1-0

[Event "Dieppe op 3rd"]
[Site "Dieppe"]
[Date "2002.07.30"]
[Round "4"]
[White "Bonfils, Remy"]
[Black "Mourgues, Jean Marie"]
[Result "1/2-1/2"]
[WhiteElo "1860"]
[BlackElo "2114"]
[PlyCount "78"]
[EventDate "2002.??.??"]
[EventType "swiss"]
[EventRounds "9"]
[EventCountry "FRA"]
[SourceTitle "EXT 2005"]
[Source "ChessBase"]
[SourceDate "2004.11.15"]
[SourceVersion "1"]
[SourceVersionDate "2004.11.15"]
[SourceQuality "1"]

1. d4 Nf6 2. c4 g6 3. g3 Bg7 4. Bg2 0-0 5. Nf3 d6 6. 0-0 Nbd7 7. Nc3 c6 8. h3 e5 9. e4 Qc7 10. Be3 Nh5 11. Rc1 h6 12. b4 b6 13. b5 c5 14. Nd5 Qd8 15. dxe5 Nxe5 16. Nxe5 dxe5 17. Qd2 Kh7 18. Rfd1 Bb7 19. Nc3 Nf6 20. Qd6 Re8 21. Rd2 Bf8 22. Qxd8 Raxd8 23. Rcd1 Be7 24. Kh2 Rxd2 25. Rxd2 Rd8 26. f4 Rxd2 27. Bxd2 Bd6 28. Nd5 Nxd5 29. cxd5 f6 30. Kg1 Kg7 31. Kf2 Bc8 32. fxe5 Bxe5 33. Bf4 Bd7 34. Bf1 h5 35. Kf3 a5 36. Bxe5 fxe5 37. Ke3 Kf6 38. Kd2 Ke7 39. Kc3 h4 1/2-1/2

[Event "FRA-ch op-A"]
[Site "Paris"]
[Date "1994.??.??"]
[Round "6"]
[White "Roy, Arnaud"]
[Black "Mourgues, Jean Marie"]
[Result "1/2-1/2"]
[WhiteElo "1990"]
[BlackElo "1910"]
[PlyCount "57"]
[EventDate "1994.??.??"]
[EventType "swiss"]
[EventRounds "9"]
[EventCountry "FRA"]
[SourceTitle "EXT 1998"]
[Source "ChessBase"]
[SourceDate "1997.11.17"]
[SourceVersion "1"]
[SourceVersionDate "1997.11.17"]
[SourceQuality "1"]

1. Nf3 d5 2. g3 e6 3. Bg2 Be7 4. d3 Nf6 5. Nbd2 c5 6. 0-0 Nc6 7. e4 0-0 8. Re1 dxe4 9. dxe4 e5 10. c3 Ne8 11. Nc4 Qxd1 12. Rxd1 f6 13. a4 Be6 14. Bf1 Rd8 15. Rxd8 Bxd8 16. Be3 Be7 17. h3 Nc7 18. Rd1 b6 19. Kg2 Rd8 20. Rxd8+ Nxd8 21. Na3 Nc6 22. Bc4 Kf7 23. Nd2 Na5 24. Bxe6+ Kxe6 25. Nac4 Nxc4 26. Nxc4 Ne8 27. Bc1 Nd6 28. Nxd6 Bxd6 29. c4 1/2-1/2